00785nam a22001815i 4500001000700000003000900007005001700016008004100033040002000074100003700094245016500131260006600296300002200362650003700384852003700421999001900458952012600477154653ES-MaACL20230906205818.0970903s1885 sp |||| | spa d aCYL bspa cCYL1 aGordillo Lozano, Gaspar.912747410aTratamiento de la pulmonía b: estudio crítico de los diversos procedimientos seguidos para curar dicha enfermedad / cpor el doctor Gaspar Gordillo Lozano. aMadrid : b[s.n.], c1885 (fImprenta de F. Maroto é hijos) a322 p. ; c21 cm. 4aPulmones-xEnfermedades.9136791 aES-MaACLjG-15755 z-- Enc. hol. c154653d154653 001040708LIBXIXaATENEOMbATENEOMcSPP3d2008-01-17eSSCl0oG-15755p1161756r2023-02-23 00:00:00w2023-02-23yMONANT